Szczegóły MARC21

Zabawy i gry ruchowe : podstwy metodyczne /

003 -Nazwa inst., której nr kontr. jest w polu 001 [,]
    • @
    • Nazwa instytucji, której n kontrolny jest w polu 001
    • NUKAT
005 -DATA I CZAS OSTATNIEJ MODYFIKACJI [,]
    • @
    • pole kontrolne
    • 20241231091655.0
040 -Instytucja sporządzająca opis [ , ]
    • a
    • Instytucja, która sporządziła opis (NP)
    • TOR U/kn
    • c
    • Instytucja, która sporządziła rekord (NP)
    • TOR U/kn
    • d
    • Instytucja, która zmodyfikowała rekord (P)
    • TOR U/LF
    • d
    • Instytucja, która zmodyfikowała rekord (P)
    • Ł U/ASs
942 -Rodzaj dokumentu [ , ]
    • c
    • Rodzaj dokumentu
    • Książka
100 -Hasło główne - nazwa osobowa [1, ]
    • a
    • Nazwa osobowa (NP)
    • Bondarowicz, Marian.
    • 9
    • KHW
    • 67178
245 -Strefa tytułu i oznaczenia odpowiedzialności [1,0]
    • a
    • Tytuł
    • Zabawy i gry ruchowe : Find
    • b
    • Ciąg dalszy tytułu (NP)
    • podstwy metodyczne / Find
    • c
    • Pozostałe elementy strefy tytułu i oznaczenia odpowiedzialności (NP)
    • Marian Bondarowicz.
250 -Strefa wydania [ , ]
    • a
    • Oznaczenie wydania (NP)
    • Wyd. 2.
260 -Strefa adresu wydawniczego [ , ]
    • a
    • Miejsce wydania (P)
    • Warszawa :
    • b
    • Nazwa wydawcy (P)
    • Wydawnictwa AWF,
    • c
    • Data wydania (P)
    • 1982.
300 -Strefa opisu fizycznego [ , ]
    • a
    • Określenie formy książki i/lub objętość (NP)
    • 102 s. :
    • b
    • Oznaczenie ilustracji (NP)
    • il. ;
    • c
    • Format (NP)
    • 21 cm.
336 -Typ zawartości [ , ]
    • a
    • Termin opisujący typ zawartości
    • Tekst
    • b
    • Kod określający zawartość
    • txt
    • 2
    • Źródło (terminu i kodu)
    • rdacontent
337 -Typ mediów [ , ]
    • a
    • Tryb odtwarzania
    • Bez urządzenia pośredniczącego
    • b
    • Kod typu mediów
    • n
    • 2
    • Źródło (terminu i kodu)
    • rdamedia
338 -Typ/rodzaj nośnika [ , ]
    • a
    • Hasło opisujące typ nośnika
    • Wolumin
    • b
    • Kod typu nośnika
    • nc
    • 2
    • Źródło (terminu i kodu)
    • rdacarrier
500 -Uwaga ogólna [ , ]
    • a
    • Uwaga ogólna (NP)
    • Skrypt.
504 -Uwaga dot. bibliogr. załącznikowej [ , ]
    • a
    • Uwaga dot. bibliografii załącznikowej
    • Bibliogr. s. 98-99.
080 -Uniwersalna Klasyfikacja Dziesiętna [ , ]
    • 2
    • Identyfikator wydania tablic
    • UDC-P058
    • a
    • Symbol klasyfikacji
    • 37.016:796.1
    • b
    • Dopowiedzenie
    • Nauczanie gier i zabaw ruchowych.
    • x
    • Poddział wspólny
    • (075.8)
    • b
    • Dopowiedzenie
    • (Podręczniki dla szkół wyższych. Skrypty).
650 -Hasło przedmiotowe [ ,7]
    • a
    • Hasło przedmiotowe
    • Gry na wolnym powietrzu
    • x
    • Określnik rzeczowy
    • studia i nauczanie (podstawowe).
    • 2
    • Źródło terminu
    • kaba
    • 9
    • KHW
    • 382169
650 -Hasło przedmiotowe [ ,7]
    • a
    • Hasło przedmiotowe
    • Gry
    • x
    • Określnik rzeczowy
    • studia i nauczanie (podstawowe).
    • 2
    • Źródło terminu
    • kaba
    • 9
    • KHW
    • 382170
650 -Hasło przedmiotowe [ ,7]
    • a
    • Hasło przedmiotowe
    • Sporty zespołowe
    • x
    • Określnik rzeczowy
    • studia i nauczanie (podstawowe).
    • 2
    • Źródło terminu
    • kaba
    • 9
    • KHW
    • 382171
650 -Hasło przedmiotowe [ ,7]
    • a
    • Hasło przedmiotowe
    • Wychowanie fizyczne dzieci
    • x
    • Określnik rzeczowy
    • studia i nauczanie (podstawowe).
    • 2
    • Źródło terminu
    • kaba
    • 9
    • KHW
    • 382168
980 -Symbol UKD [ , ]
    • a
    • UKD
    • 37.016:796.1(075.8)
Lokalizacja Status udost. Sygnatura Numer inwentarzowy
BM1Gry i zabawy 01WF.1591